Statistics for Countries that Beat Madagascar

Click here to take the quiz!

General Stats

  • This quiz has been taken 354 times
  • The average score is 9 of 17

Answer Stats

RankCategoryCountries% Correct
3Most guessed African country on the
Countries of the World quiz
Egypt | South Africa
100%
4Easternmost in AfricaMauritius | Seychelles | Somalia
90%
5African country with most white peopleSouth Africa | Angola | Zambia | Namibia
90%
2Largest island nation by areaIndonesia
87%
6Most populous country starting with MMexico | Myanmar | Morocco | Malaysia | Mozambique
87%
6First in Africa to gain independence
from France
Morocco | Tunisia | Guinea | Cameroon | Togo
62%
9Most recently-settled [5]Seychelles | Mauritius | São Tomé and Príncipe |
Cape Verde | New Zealand | Iceland | Bahamas | Comoros
62%
5 (t)Whose capital has the most lettersSri Lanka | Brunei | Andorra | Guatemala
59%
2Most endemic tree species [4]Brazil
49%
5Earliest adoption of its current
flag design in Africa
Tunisia | Liberia | Morocco | Somalia
45%
6Taro production [2]Nigeria | China | Ghana | Cameroon | Papua New Guinea
36%
5Lowest % who speak French and
have it as an official language
Rwanda | Burundi | Niger | Chad | Mali
32%
3Shortest people [1]East Timor | Laos
26%
2Vanilla production [3]Indonesia
23%
2 (t)Has the most A's in its nameAntigua and Barbuda
18%
4Most at risk due to climate change [6] [7]Japan | Philippines | Germany
12%
3Whose democracy score has increased
the most since 2010 [8]
Tunisia | Fiji
8%

Score Distribution

Percentile by Number Answered

Percent of People with Each Score

Your Score History

You have not taken this quiz